000 00567nam a22001937a 4500
999 _c181840
_d181840
005 20220217110330.0
010 _aENG-130004
020 _c350.00
_a978-93-89467-51--2
035 _aEN-113536
037 _bDBAD/PUB
082 _a260.33
245 _aGuru Nanak :
_bA Reader/
_cEdited by Tejwant Singh Gill
250 _a2021
260 _bSahitya Akademi
_aNew Delhi
270 _aRabindra Bhawan ,35 Ferozesshah Road
_bNew Delhi
_e110001
300 _a220 p
_c26 CM (hbk)
700 _aGill ,Tejwant Singh
942 _2ddc
_cEN
_h260.33
_mGUR